01515nam a2200289 a 450000100100000000500170001000800410002702000180006804000250008608200160011110000370012724501370016426000420030130000270034349000490037050001210041959000270054070000310056770000410059871000610063971000980070083000560079895201200085495201140097495201200108899900170120800004674320220321135113.0180321s2015 dr a 000 0 spa d a9789945900491 aDO-SdBNPbspacBNPHU axxxxbP969g1 aPacheco Salazar, Berenice94333510aGuía orientativa para su diseño e implementación /cBerenice Pacheco Salazar, Verónica Herrera ; coordinadora Analia Rosoli. aSanto Domingo :bMINERD,bOEI,c2015. a45 p. :bil. ;c27 cm.1 aSistema integral de apoyo a los aprendizajes aA la cabeza del título : Proyectos educativos innovadores; guía orientativa para su diseño e implementación. aInventariado, 2018 /LP1 aHerrera, Verónica9746771 aRosoli, Analía,ecoordinadora92061 aRepública Dominicana. Ministerio de Educación9431002 aOrganización de Estados Iberoamericanos para la Educación, la Ciencia y la Cultura929137 0aSistema integral de apoyo a los aprendizajes974671 0010718DSaGRbGRcCTd2018-03-21iLF1l0oxxxx P969gp46743-30r2020-06-25te. 3w2020-06-25yLFDSZNo se presta 0010718PDaPDbPDcCTd2018-03-21iLF1l0oxxxx P969gp46743-10r2020-06-25w2020-06-25yLFPDZNo se presta 0010718PDaPDbPDcCTd2018-03-21iLF1l0oxxxx P969gp46743-20r2020-06-25te. 2w2020-06-25yLFPDZNo se presta c46232d46232